आयझॅक न्यूटन (Record no. 325194)

MARC details
000 -LEADER
fixed length control field 00582nam a2200181Ia 4500
008 - FIXED-LENGTH DATA ELEMENTS--GENERAL INFORMATION
fixed length control field 090711s9999 xx 000 0 und d
082 ## - DEWEY DECIMAL CLASSIFICATION NUMBER
Item number 1724
100 ## - MAIN ENTRY--PERSONAL NAME
Personal name व्हाईट मायकल
245 ## - TITLE STATEMENT
Title आयझॅक न्यूटन
260 ## - PUBLICATION, DISTRIBUTION, ETC. (IMPRINT)
Name of publisher, distributor, etc ऑक्टोपस बुक्स
Date of publication, distribution, etc 1998
300 ## - PHYSICAL DESCRIPTION
Extent 64
600 ## - SUBJECT ADDED ENTRY--PERSONAL NAME
Personal name व्हाईट मायकल
630 ## - SUBJECT ADDED ENTRY--UNIFORM TITLE
Uniform title आयझॅक न्यूटन
700 ## - ADDED ENTRY--PERSONAL NAME
Personal name नरवणे सुधा
700 ## - ADDED ENTRY--PERSONAL NAME
Personal name व्हाईट मायकल
730 ## - ADDED ENTRY--UNIFORM TITLE
Uniform title आयझॅक न्यूटन
942 ## - ADDED ENTRY ELEMENTS (KOHA)
Koha item type Book
Holdings
Withdrawn status Lost status Damaged status Not for loan Home library Current library Date acquired Cost, normal purchase price Total Checkouts Full call number Barcode Date last seen Cost, replacement price Price effective from Koha item type
        Dadar Sarvajanik Vachanalaya, Dardar Dadar Sarvajanik Vachanalaya, Dardar 02/06/1998 40.00   1724 DASAVA-1724 07/11/2009 40.00 07/11/2009 Book